| 000 | 00598cam a2200217M 4500 | ||
|---|---|---|---|
| 001 | 6069835 | ||
| 003 | ARRUPE | ||
| 005 | 20161007101050.0 | ||
| 008 | 920821q18541974fr 000 0 ger d | ||
| 035 | _a(OCoLC)ocm70365227 | ||
| 035 | _a(NNC)6069835 | ||
| 035 | _a(OCoLC)70365227 | ||
| 040 |
_aUAB _cUAB _dZCU |
||
| 100 | 1 |
_aWilde, Oscar, _d1854-1900. _926543 |
|
| 245 | 1 | 4 |
_aDas Bildnis des Dorian Gray : _cOscar Wilder |
| 260 |
_aWolvesberg, _bEduard kaiser Verlag _c[n.d.] |
||
| 300 |
_a263 p. _c19 cm. |
||
| 504 | _a"L'année bibliographique." | ||
| 942 |
_2lcc _cMONOGRAPH |
||
| 999 |
_c125441 _d125441 |
||